| 000 | 00877nam a2200205Ia 4500 | ||
|---|---|---|---|
| 003 | GCL | ||
| 008 | 140319s9999 xx 000 0 ara d | ||
| 020 | _a326779960 | ||
| 040 |
_aGCL / _cGCL |
||
| 082 | 0 | 4 |
_a943.9 _bن ط |
| 100 | 1 | _aنعيم سعيد الغول | |
| 245 | 1 | 0 |
_aالطريق من الشرق الى المجر : _bولادة الدراسات الشرقية - المجرية وانجازاتها / _cنعيم سعيد الغول |
| 260 |
_aالرياض : _bدار الفيصل الثقافية ، _c0 |
||
| 300 |
_a76 ص ؛ _c24 سم |
||
| 650 | 0 | 4 | _aالمجر - العلاقات الثقافية - اليابان |
| 650 | 0 | 4 | _aالمجر - العلاقات الثقافية - الهند |
| 650 | 0 | 4 | _aالمجر - العلاقات الثقافية - الصين |
| 650 | 0 | 4 | _aالمجر - العلاقات الثقافية - تركيا |
| 942 |
_2ddc _cBK |
||
| 999 |
_c58379 _d58379 |
||